History - Cross, Historiography, and Miscellaneous | 0 | 7 | 0 | 0 | 70 | 73 | 104.29 | 0 | 0 |
History - American | 0 | 3 | 0 | 0 | 30 | 121 | 126.00 | 0 | 0 |
RMP - World Mythology | 0 | 3 | 0 | 0 | 30 | 120 | 132.33 | 0 | 0 |
History - European | 1 | 1 | 0 | 0 | 25 | 59 | 91.00 | 0 | 0 |
RMP - Islam | 0 | 2 | 0 | 0 | 20 | 121 | 122.50 | 0 | 0 |
Social Science - Economics | 1 | 0 | 0 | 0 | 15 | 53 | 53.00 | 1 | 1 |
Literature - American | 1 | 0 | 0 | 0 | 15 | 52 | 52.00 | 0 | 1 |
Geography - World | 0 | 1 | 0 | 0 | 10 | 98 | 98.00 | 0 | 0 |
Fine Arts - Painting | 0 | 1 | 0 | 0 | 10 | 114 | 114.00 | 0 | 0 |
History - World | 0 | 1 | 0 | 0 | 10 | 115 | 115.00 | 0 | 0 |
Current Events - U.S. | 0 | 1 | 0 | 0 | 10 | 74 | 74.00 | 0 | 0 |
RMP - Christian Practice | 0 | 1 | 0 | 0 | 10 | 135 | 135.00 | 0 | 0 |
RMP - East Asian Religion | 0 | 1 | 0 | 0 | 10 | 134 | 134.00 | 0 | 0 |
Fine Arts - Miscellaneous | 0 | 1 | 0 | 0 | 10 | 118 | 118.00 | 0 | 0 |
RMP - Jewish Practice | 0 | 1 | 0 | 0 | 10 | 128 | 128.00 | 0 | 0 |
RMP - Philosophy | 0 | 1 | 0 | 0 | 10 | 102 | 102.00 | 0 | 0 |
Geography - Europe | 0 | 1 | 0 | 0 | 10 | 138 | 138.00 | 0 | 0 |
Science - Earth | 0 | 1 | 0 | 0 | 10 | 114 | 114.00 | 0 | 0 |
Science - Math | 0 | 1 | 0 | 0 | 10 | 94 | 94.00 | 0 | 0 |
Fine Arts - Jazz | 0 | 0 | 0 | 0 | 0 | | 0.00 | 0 | 0 |